| 000 | 00963nac a22003017a 4500 | ||
|---|---|---|---|
| 001 | BR6200167 | ||
| 003 | BR-BrBNA | ||
| 005 | 20240105113246.0 | ||
| 008 | 230509b bl.|||m| |||| 00| 0 por d | ||
| 040 |
_aBR-BrBNA _bpor _cBiblioteca Nacional de Agricultura |
||
| 072 | _aF23; F24 | ||
| 090 | _aF23 BR6200167 | ||
| 100 | 1 | _aVieira, L.S. | |
| 100 | 1 | _aOliveira Filho, J.P. dos S. | |
| 110 | 1 |
_aInstituto Agronomico do Norte, Belem, PA (Brasil) _95627 |
|
| 245 | 1 | _aAs caatingas do rio Negro. Solos [Perfil do solo; Uapes; Amazonia; Brasil] | |
| 260 | 3 |
_aBelem, PA (Brasil): _c1962. |
|
| 300 | _ap. 3-32 | ||
| 490 |
_aBoletim Tecnico do Instituto Agronomico do Norte (Brazil) _vno. 42 _x |
||
| 500 | _a15 illus.; 28 ref.; Summaries (En, Fr, Pt) | ||
| 650 | _aHORIZONTE | ||
| 650 | _aPERFIL DO SOLO | ||
| 650 | _aCAATINGA | ||
| 650 | _aRIO NEGRO | ||
| 650 | _aAMAZONIA | ||
| 909 |
_a202312 _bLúcia Elande _c55 _dLúcia Elande |
||
| 942 |
_2AGRIS _n0 _cMS |
||
| 999 |
_c262739 _d262739 |
||